000 00547nam a2200217Ia 4500
003 OSt
005 20220926042420.0
006 a|||||r|||| 00| 0
007 ta
008 220923b |||||||| |||| 00| 0 eng d
037 _cGeneral Book
040 _aRTL
_cRTL
_beng
041 _2eng
_aeng
082 _aXA, H3
100 _aLauterbach Albert T
_9346240
245 0 _aEconomics in uniform
260 _c1943
650 _aWar Economics
_9233725
942 _hXA, H3
_cGB
_2CC
999 _c669669
_d669669